|
|
|
|
| LEADER |
03577nam a22004935i 4500 |
| 001 |
978-0-387-89839-1 |
| 003 |
DE-He213 |
| 005 |
20150519180925.0 |
| 007 |
cr nn 008mamaa |
| 008 |
100721s2010 xxu| s |||| 0|eng d |
| 020 |
|
|
|a 9780387898391
|9 978-0-387-89839-1
|
| 024 |
7 |
|
|a 10.1007/978-0-387-89839-1
|2 doi
|
| 040 |
|
|
|d GrThAP
|
| 050 |
|
4 |
|a RB1-214
|
| 072 |
|
7 |
|a MMF
|2 bicssc
|
| 072 |
|
7 |
|a MED067000
|2 bisacsh
|
| 082 |
0 |
4 |
|a 616.07
|2 23
|
| 245 |
1 |
0 |
|a Atlas of Neoplastic Pulmonary Disease
|h [electronic resource] :
|b Pathology, Cytology, Endoscopy and Radiology /
|c edited by Armando E. Fraire, Philip T. Cagle, Richard S. Irwin, Dina R. Mody, Armin Ernst, Shanda Blackmon, Timothy Craig Allen, Megan K. Dishop.
|
| 264 |
|
1 |
|a Boston, MA :
|b Springer US,
|c 2010.
|
| 300 |
|
|
|a XII, 164p. 320 illus. in color.
|b online resource.
|
| 336 |
|
|
|a text
|b txt
|2 rdacontent
|
| 337 |
|
|
|a computer
|b c
|2 rdamedia
|
| 338 |
|
|
|a online resource
|b cr
|2 rdacarrier
|
| 347 |
|
|
|a text file
|b PDF
|2 rda
|
| 505 |
0 |
|
|a Tumors of Childhood -- Lymphangiomatosis -- Pleuropulmonary Blastoma -- Congenital Pulmonary Myofibroblastic Tumor -- Benign Epithelial Tumors -- Alveolar Adenoma -- Uncommon Endobronchial Surface Tumors -- Salivary Gland Tumors (Benign and Malignant) -- Mucous Gland Adenoma -- Pleomorphic Adenoma -- Mucoepidermoid Tumor -- Adenoid Cystic Carcinoma -- Mesenchymal Tumors (Benign and Malignant) -- Inflammatory Polyps -- Inflammatory Pseudotumor -- Pulmonary Chondroma -- Pulmonary Hamartoma -- Localized Fibrous Tumor -- Lipomas and Liposarcomas -- Cystic Lymphangioma -- Lymphangioleiomyomatosis -- Epithelioid Hemangioendothelioma -- Pulmonary Artery Sarcoma -- Synovial Sarcoma -- Lymphoid Neoplasms -- Marginal Zone B-Cell Lymphoma (Maltoma) -- Diffuse Large B-Cell Lymphoma -- Lymphomatoid Granulomatosis -- Langerhans Cell Histiocytosis -- Carcinoid Tumors -- Typical and Atypical Carcinoids -- Miscellaneous Tumors -- Teratoma -- Melanoma -- Thymoma -- Glomus Tumor of the Lung -- Sclerosing Hemangioma -- Preinvasive Disease -- Preinvasive Disease -- Common Major Malignant Epithelial Tumors -- Squamous Cell Carcinoma -- Adenocarcinoma -- Large Cell Carcinoma -- Small Cell Carcinoma -- Less Common Malignant Epithelial Tumors -- Adenosquamous Carcinoma -- Bronchioloalveolar Carcinoma -- Large Cell Neuroendocrine Carcinoma -- Sarcomatoid Carcinoma -- Pulmonary Blastoma -- Metastatic Tumors -- Metastatic Tumors.
|
| 520 |
|
|
|a Atlas of Neoplastic Pulmonary Disease: Pathology, Cytology, Endoscopy and Radiology is a unique atlas that provides images from four major disciplines involved in the study and diagnosis of lung tumors. This atlas, containing 41 chapters represents a wide range of neoplastic lung entities and will be a quick and reliable interdisciplinary tool for the practitioner involved in the management of lung tumors.
|
| 650 |
|
0 |
|a Medicine.
|
| 650 |
|
0 |
|a Pathology.
|
| 650 |
1 |
4 |
|a Medicine & Public Health.
|
| 650 |
2 |
4 |
|a Pathology.
|
| 700 |
1 |
|
|a Fraire, Armando E.
|e editor.
|
| 700 |
1 |
|
|a Cagle, Philip T.
|e editor.
|
| 700 |
1 |
|
|a Irwin, Richard S.
|e editor.
|
| 700 |
1 |
|
|a Mody, Dina R.
|e editor.
|
| 700 |
1 |
|
|a Ernst, Armin.
|e editor.
|
| 700 |
1 |
|
|a Blackmon, Shanda.
|e editor.
|
| 700 |
1 |
|
|a Allen, Timothy Craig.
|e editor.
|
| 700 |
1 |
|
|a Dishop, Megan K.
|e editor.
|
| 710 |
2 |
|
|a SpringerLink (Online service)
|
| 773 |
0 |
|
|t Springer eBooks
|
| 776 |
0 |
8 |
|i Printed edition:
|z 9780387898384
|
| 856 |
4 |
0 |
|u http://dx.doi.org/10.1007/978-0-387-89839-1
|z Full Text via HEAL-Link
|
| 912 |
|
|
|a ZDB-2-SME
|
| 950 |
|
|
|a Medicine (Springer-11650)
|